Essentials of Management : (Record no. 597)

000 -LEADER
fixed length control field 00682nam a2200229 a 4500
008 - FIXED-LENGTH DATA ELEMENTS--GENERAL INFORMATION
fixed length control field 190924r20102011ii a|||g |||| 00| 0 eng d
020 ## - INTERNATIONAL STANDARD BOOK NUMBER
International Standard Book Number 9780070144958
Terms of availability Rs. 245.00
040 ## - CATALOGING SOURCE
Original cataloging agency IMU Kochi Library
Language of cataloging eng
041 0# - LANGUAGE CODE
Language code of text/sound track or separate title eng
044 ## - COUNTRY OF PUBLISHING/PRODUCING ENTITY CODE
MARC country code India
082 ## - DEWEY DECIMAL CLASSIFICATION NUMBER
Edition number 23
Classification number 658
Item number K8377
100 1# - MAIN ENTRY--PERSONAL NAME
Personal name Koontz, Harold
245 ## - TITLE STATEMENT
Title Essentials of Management :
Sub Title An International Perspective /
250 ## - EDITION STATEMENT
Edition statement 8th ed.
260 ## - PUBLICATION, DISTRIBUTION, ETC. (IMPRINT)
Place of publication, distribution, etc New Delhi :
Name of publisher, distributor, etc Tata McGraw Hill Education Private Limited,
Date of publication, distribution, etc 2010, reprint 2011
300 ## - PHYSICAL DESCRIPTION
Extent xxxii, 464 p. :
Other physical details ill. ;
Dimensions 24 cm.
650 #0 - SUBJECT ADDED ENTRY--TOPICAL TERM
Topical term or geographic name as entry element Management
Form subdivision Textbooks
700 1# - ADDED ENTRY--PERSONAL NAME
Personal name Weihrich, Heinz
Relator term Joint Author
852 ## - LOCATION/CALL NUMBER
Location IMU Kochi Library
904 ## - LOCAL DATA ELEMENT D, LDD (RLIN)
CATALOGER Shine Joy
942 ## - ADDED ENTRY ELEMENTS (KOHA)
Item type Books
Holdings
Withdrawn status Lost status Source of classification or shelving scheme Damaged status Not for loan Collection code Permanent location Current location Shelving location Date acquired Source of acquisition Cost, normal purchase price Total Checkouts Full call number Barcode Date last seen Date last borrowed Koha item type Public note
          Management Studies IMU Kochi Library IMU Kochi Library General Stacks 2012-11-12 M/S World Book Service (Inv. No. 622 Dt 2012-11-05) 245.00 2 658 K8377 BK002121 2019-11-28 2019-11-21 Books Gen. Shelf-21, Row-3
          Management Studies IMU Kochi Library IMU Kochi Library General Stacks 2012-11-12 M/S World Book Service (Inv. No. 622 Dt 2012-11-05) 245.00 3 658 K8377 BK002122 2024-10-22 2024-10-21 Books Gen. Shelf-21, Row-3
          Management Studies IMU Kochi Library IMU Kochi Library General Stacks 2012-11-12 M/S World Book Service (Inv. No. 622 Dt 2012-11-05) 245.00 1 658 K8377 BK002119 2022-09-16 2019-11-21 Books Gen. Shelf-21, Row-3
          Management Studies IMU Kochi Library IMU Kochi Library General Stacks 2012-11-12 M/S World Book Service (Inv. No. 622 Dt 2012-11-05) 245.00 2 658 K8377 BK002118 2025-12-09 2025-11-24 Books Gen. Shelf-21, Row-3


Copyright © All Rights Reserved by Indian Maritime University, Kochi Campus.
For any Suggestions/Query Contact to library or Email: library.kochi@imu.ac.in Ph:(0484)-2989402
(Web OPAC Designed by Rudra Ranjan. Maintained by IMU Kochi Library)

Powered by Koha